| 000 | 00548nam a2200193 a 4500 | ||
|---|---|---|---|
| 001 | 1770451648172 | ||
| 003 | YourLibrary | ||
| 005 | 20260207134015.0 | ||
| 008 | 260207s2005##################000#0#eng## | ||
| 020 | _a9789041123756 | ||
| 082 | 0 | 4 |
_a332.632 _bROB |
| 100 | 1 |
_aRobbé, Jan Job de Vries, _eauthor. |
|
| 245 | 1 | 0 | _aSecuritisation of Derivatives and Alternative Asset Classes : |
| 260 |
_bKluwer Law International B.V., _c2005. |
||
| 300 | _a538 pages | ||
| 650 | 0 | _aLaw. | |
| 942 | _cENGLISH | ||
| 040 |
_aYourLibrary _beng _cYourLibrary |
||
| 999 |
_c610798 _d610798 |
||